| 000 | 00902cam a22002897a 4500 | ||
|---|---|---|---|
| 001 | 002126 | ||
| 003 | armpunfd | ||
| 005 | 20140612090659.0 | ||
| 008 | 071129e0####xx#a##########000#0#und#d | ||
| 040 |
_aarmpunfd _carmpunfd |
||
| 080 | _a343 P 681 | ||
| 100 | 1 | 0 | _a Pitch, Tamar |
| 245 | 1 | 0 | _aResponsabilidades limitadas: actores conflictos y justicia penal |
| 260 |
_a Uenos Aires : Ad- Hoc _b2003. Isbn: 950-894-384-X 319 P. |
||
| 650 | 7 |
_a Cuestion Criminal _2LEMB |
|
| 650 | 7 |
_a Cuestion Penal _2LEMB |
|
| 650 | 7 |
_a Delincuencia Juvenil _2LEMB |
|
| 650 | 7 |
_a Derecho Penal _2LEMB |
|
| 650 | 7 |
_a Justicia Penal _2LEMB |
|
| 650 | 7 |
_a Reeducacion _2LEMB |
|
| 650 | 7 |
_a Responsabilidades Limitadas _2LEMB |
|
| 650 | 7 |
_a Responsabillidad Penal _2LEMB |
|
| 650 | 7 |
_a Tribunal De Menores _2LEMB |
|
| 650 | 7 |
_a Victimizacion _2LEMB |
|
| 942 |
_cLB _2cdu |
||
| 945 |
_aCatalis _d2010-08-19 |
||
| 999 |
_c2117 _d232621 |
||